Giáo trình kỹ thuật sấy

Đã lưu trong:
书目详细资料
主要作者: Hoàng, Văn Chước
格式: 图书
语言:Undetermined
出版: Hà Nội Khoa học kỹ thuật 1999
主题:
标签: 添加标签
没有标签, 成为第一个标记此记录!
Thư viện lưu trữ: Trung tâm Học liệu Trường Đại học Cần Thơ
LEADER 00524nam a2200181Ia 4500
001 CTU_45479
008 210402s9999 xx 000 0 und d
082 |a 664.0284 
082 |b Ch557 
100 |a Hoàng, Văn Chước 
245 0 |a Giáo trình kỹ thuật sấy 
245 0 |c Hoàng Văn Chước 
260 |a Hà Nội 
260 |b Khoa học kỹ thuật 
260 |c 1999 
650 |a Food,Food conservation 
650 |x Drying 
980 |a Trung tâm Học liệu Trường Đại học Cần Thơ